| 000 | 01136nam a22002657a 4500 | ||
|---|---|---|---|
| 005 | 20101206113148.0 | ||
| 008 | 101206t xxu||||| |||| 00| 0 hin d | ||
| 010 | _aHIN-93287 | ||
| 020 |
_c250.00 _a819039388x |
||
| 035 | _aHN-65633 | ||
| 037 | _bDBAD/PUB | ||
| 040 |
_aDPL _bHN |
||
| 082 | _a590.73 | ||
| 100 |
_924598 _aअग्रवाल, नूपुर |
||
| 245 |
_aभारत के वन्यजीव विहार / _cनूपुर अग्रवाल |
||
| 260 |
_aइलाहाबाद _bभारतीय संस्कार प्रकाशन _c2011 |
||
| 270 |
_bइलाहाबाद _a145/116, भुसौली टोला, खुल्दाबाद _k0532- 2618599 |
||
| 300 |
_a120पृ. _c22सेमी (सजिल्द) _bसचित्र |
||
| 650 | _91169 | ||
| 650 | _929580 | ||
| 700 | _924599 | ||
| 700 | _924924 | ||
| 942 |
_2ddc _cHN _mअग्रवा _h590.73 |
||
| 999 |
_c54083 _d54083 |
||